Govt. of
Madhya Pradesh

Normal view MARC view

Entry Personal Name

Number of records used in: 1

001 - CONTROL NUMBER

  • control field: 42458

003 - CONTROL NUMBER IDENTIFIER

  • control field: OSt

005 - DATE AND TIME OF LATEST TRANSACTION

  • control field: 20160303143834.0

008 - FIXED-LENGTH DATA ELEMENTS

  • fixed length control field: 160303|| aca||aabn | a|a d

040 ## - CATALOGING SOURCE

  • Original cataloging agency: OSt
  • Transcribing agency: OSt

100 ## - HEADING--PERSONAL NAME

  • Personal name: शास्‍त्री त्रिवेदी रामानन्‍द

670 ## - SOURCE DATA FOUND

  • Source citation: Work cat.: (OSt)25492: शास्‍त्री त्रिवेदी रामानन्‍द , चित्रकूट , 1966